| 000 | 01260nam a2200337 a 4500 | ||
|---|---|---|---|
| 001 | ebr10455583 | ||
| 003 | CaPaEBR | ||
| 006 | m u | ||
| 007 | cr cn||||||||| | ||
| 008 | 070907s2003 enk sb 001 0 eng d | ||
| 010 | _z 2007532366 | ||
| 020 | _z1902683773 (hard) | ||
| 020 | _z9781902683775 (hard) | ||
| 020 | _z1902683781 (pbk.) | ||
| 020 | _z9781902683782 (pbk.) | ||
| 020 | _z9781844653485 (e-book) | ||
| 040 |
_aCaPaEBR _cCaPaEBR |
||
| 035 | _a(OCoLC)646451768 | ||
| 050 | 1 | 4 |
_aBD418.3 _b.R79 2003eb |
| 082 | 0 | 4 |
_a128.2 _222 |
| 100 | 1 | _aRowlands, Mark. | |
| 245 | 1 | 0 |
_aExternalism _h[electronic resource] : _bputting mind and world back together again / _cMark Rowlands. |
| 260 |
_aChesham [England] : _bAcumen, _c2003. |
||
| 300 | _ax, 246 p. | ||
| 504 | _aIncludes bibliographical references and index. | ||
| 533 |
_aElectronic reproduction. _bPalo Alto, Calif. : _cebrary, _d2013. _nAvailable via World Wide Web. _nAccess may be limited to ebrary affiliated libraries. |
||
| 650 | 0 | _aExternalism (Philosophy of mind) | |
| 655 | 7 |
_aElectronic books. _2local |
|
| 710 | 2 | _aebrary, Inc. | |
| 856 | 4 | 0 |
_uhttp://site.ebrary.com/lib/rucke/Doc?id=10455583 _zAn electronic book accessible through the World Wide Web; click to view |
| 999 |
_c123147 _d123147 |
||